Discurso del método seguido de la búsqueda de la verdad mediante la luz natural

Guardat en:
Dades bibliogràfiques
Autor principal: Descartes, René (autor)
Altres autors: Florián Bocanegra, Víctor (traductor)
Format: Llibre
Idioma:espanyol
Publicat: Bogotá Panamericana 1999
Edició:1a. ed
Col·lecció:Filosofía y Política
Matèries:
Etiquetes: Afegir etiqueta
Sense etiquetes, Sigues el primer a etiquetar aquest registre!

MARC

LEADER 00000cam a2200000 a 4500
001 UCG9516
003 CL-VaPUC
005 20250108095054.0
008 120316e19990200CK |||||||||||||||||spa|d
999 |c 347064  |d 347062 
020 |a 9789583005404 
040 |c Pontificia Universidad Católica de Valparaíso 
082 0 4 |a 141  |b DES  |2 21 
100 |a Descartes, René  |e autor  |9 265906 
245 1 0 |a Discurso del método seguido de la búsqueda de la verdad mediante la luz natural 
250 |a 1a. ed 
260 |a Bogotá  |b Panamericana  |c 1999 
300 |a 137 p 
490 0 |a Filosofía y Política 
583 |a last modification  |c 20120320 01:11:44  |k Rodrigo Vera 
650 0 |a Antropología filosófica  |9 265842 
650 0 |a Teoría del conocimiento   |9 255038 
700 1 |a Florián Bocanegra, Víctor  |e traductor  |9 863507 
942 |c BK  |2 ddc 
945 |d 20120316 00:00:00  |a dcastane 
952 |0 0  |1 0  |3 erb  |4 0  |6 141_000000000000000_DES_1999  |7 0  |8 R  |9 448157  |a BIBEDU  |b BIBEDU  |c MCIRC  |i 5486300  |l 4  |o 141 DES 1999  |p 5486300  |r 2024-05-09  |s 2024-05-07  |w 2019-11-22  |y BK_R  |z Catalogado en:20180803  |k FIL